Language Quiz

Random Language or German Quiz

German: Days Quiz Stats

 Plays Quiz Updated Feb 20, 2019

     
Support Sporcle.
Go Orange.
Score 0/7 Timer 02:00
0 Plays Today
English German % Correct
MondayMontag
97.7%
FridayFreitag
90.7%
SundaySonntag
84.6%
TuesdayDienstag
82%
ThursdayDonnerstag
81.5%
WednesdayMittwoch
80.7%
SaturdaySamstag
78.9%

From the Vault

Spinning Earth III

by Barbecue

Geography 45s
Just keep hitting the globe, make it spin even faster.
Remove Ads.
Support Sporcle.
Get the best of Sporcle when you Go Orange. This ad-free experience offers more features, more stats, and more fun while also helping to support Sporcle. Thank you for becoming a member.

Show Comments

Extras

Top Quizzes Today


Score Distribution

Your Account Isn't Verified!

In order to create a playlist on Sporcle, you need to verify the email address you used during registration. Go to your Sporcle Settings to finish the process.

Report this User

Report this user for behavior that violates our Community Guidelines.

Details: